000
00288nam a2200121Ia 4500
008
170620s9999 xx 000 0 und d
100
_a
HUGO - RUSELL
245
0
_a
PHARMACETUICAL MICROBIOLOGY
260
_b
BLACKWELL
260
_c
2003
300
_a
510
546
_a
English
690
_a
PHARMACETUICAL MICROBIOLOGY
999
_c
30711
_d
30711